Welcome to CU Library Online Public Access Catalogue (OPAC)

Gender & communication / (Record no. 2940)

MARC details
000 -LEADER
fixed length control field 00667cam a2200229 a 4500
001 - CONTROL NUMBER
control field 4436245
005 - DATE AND TIME OF LATEST TRANSACTION
control field 20250123160228.0
008 - FIXED-LENGTH DATA ELEMENTS--GENERAL INFORMATION
fixed length control field 941222s1995 wiua b 001 0 eng
020 ## - INTERNATIONAL STANDARD BOOK NUMBER
International Standard Book Number 0697201546
050 00 - LIBRARY OF CONGRESS CALL NUMBER
Classification number HM258
Item number .P42 1995
082 00 - DEWEY DECIMAL CLASSIFICATION NUMBER
Classification number 302.2
Edition information 20
100 1# - MAIN ENTRY--PERSONAL NAME
Personal name Pearson, Judy C.
245 10 - TITLE STATEMENT
Title Gender & communication /
Statement of responsibility, etc. Judy Cornelia Pearson, Richard L. West, Lynn H. Turner.
250 ## - EDITION STATEMENT
Edition statement 3rd ed.
260 ## - PUBLICATION, DISTRIBUTION, ETC.
Place of publication, distribution, etc. Madison, Wis. :
Name of publisher, distributor, etc. Brown & Benchmark,
Date of publication, distribution, etc. c1995.
300 ## - PHYSICAL DESCRIPTION
Extent xix, 292 p. :
Other physical details ill. ;
Dimensions 23 cm.
650 #0 - SUBJECT ADDED ENTRY--TOPICAL TERM
Topical term or geographic name entry element Communication
General subdivision Social aspects.
650 #0 - SUBJECT ADDED ENTRY--TOPICAL TERM
Topical term or geographic name entry element Sex role.
700 1# - ADDED ENTRY--PERSONAL NAME
Personal name Turner, Lynn H.
700 2# - ADDED ENTRY--PERSONAL NAME
Personal name West, Richard L.
942 ## - ADDED ENTRY ELEMENTS (KOHA)
Source of classification or shelving scheme Library of Congress Classification
Koha item type Books
Suppress in OPAC No
999 ## -
-- 2940
-- 2940
Holdings
Withdrawn status Lost status Source of classification or shelving scheme Damaged status Not for loan Collection Home library Current library Shelving location Date acquired Total checkouts Full call number Barcode Date last seen Copy number Price effective from Koha item type
    Library of Congress Classification     Non-fiction Undergraduate Library (Christ Temple) Undergraduate Library (Christ Temple) General stacks 01/23/2025   HM 258 PEA ulct00000893 01/23/2025 1 01/23/2025 Books
© 2023-2024 Copyright: Central University Libraries. All Rights Reserved | Created by: Mahone Tech Office